| 000 | 00678nam a2200241Ia 4500 | ||
|---|---|---|---|
| 003 | OSt | ||
| 005 | 20220930070430.0 | ||
| 006 | a|||||r|||| 00| 0 | ||
| 007 | ta | ||
| 008 | 220926b |||||||| |||| 00| 0 eng d | ||
| 024 | _a6994 | ||
| 037 | _cTheses | ||
| 040 |
_aCRL _cCRL _beng |
||
| 041 |
_2eng _aeng |
||
| 100 |
_aRamanathan Anandi _9527133 |
||
| 110 | _aUniversity of Delhi. Faculty of Arts. Department of Sanskrit | ||
| 245 | 0 | _aSouth Indian traditions in Sanskrit poetics | |
| 260 | _c1983 | ||
| 650 | _aSANSKRIT | ||
| 700 | _aUniversity of Delhi. Faculty of Arts. Department of Sanskrit | ||
| 942 |
_cDIS _2CC |
||
| 999 |
_c860908 _d860908 |
||